Normal view MARC view
  • RIZVI, HASAN ASKARI

Entry Personal Name

Number of records used in: 2

001 - CONTROL NUMBER

  • control field: 74711

003 - CONTROL NUMBER IDENTIFIER

  • control field: NUST

005 - DATE AND TIME OF LATEST TRANSACTION

  • control field: 20210628205255.0

008 - FIXED-LENGTH DATA ELEMENTS

  • fixed length control field: 210628|| aca||aabn | a|a d

040 ## - CATALOGING SOURCE

  • Original cataloging agency: NUST
  • Transcribing agency: NUST

100 ## - HEADING--PERSONAL NAME

  • Personal name: RIZVI, HASAN ASKARI

670 ## - SOURCE DATA FOUND

  • Source citation: Work cat.: (NUST): RIZVI, HASAN ASKARI, THE MILITARY AND POLITICS IN PAKISTAN 1947-86, 1986
© 2023 Central Library, National University of Sciences and Technology. All Rights Reserved.